000 00753nam a22002297a 4500
003 BD-DhJNU
005 20250716051404.0
008 250716b |||||||| |||| 00| 0 eng d
040 _aBD-DhJNU
_bENG
_cBD-DhJNU
_dBD-DhJNU
082 _223
_a353 FEA
100 _a Ferguson, John Henry
245 _aThe American Federal Government /
_cJohn H. Ferguson and Dean E. McHenry
250 _a6th ed.
260 _a New York :
_bMcGraw-Hill,
_c1961.
300 _a647p. :
_bill. ;
_c26 cm.
490 _aMcGraw-Hill series in political science
504 _aIncludes bibliographical references and index
650 _a United States
_xPolitics and government
_yHandbooks
650 _aManuals
700 _aMcHenry, Dean Eugene
942 _2ddc
_cBK
_n0
999 _c1906
_d1906